Celebrities in Music Videos - Statistics

General Stats
  • This quiz has been taken 14 times
  • The average score is 6 of 20
Answer Stats
Hint Answer % Correct
"Crazy" by Aerosmith Alicia Silverstone / Liv Tyler
75%
"Stan" by Eminem Devon Sawa / Dido
67%
"Dancing in the Dark" by Bruce Springsteen Courtney Cox
58%
"Freedom 90" by George Michael Naomi Campbell / Cindy Crawford / Linda Evangelista / Christy Turlington / Tatjana Patitz
58%
"You Can Call Me Al" by Pauil Simon Chevy Chase
50%
"Uptown Girl" by Billy Joel Christie Brinkley
50%
"Weapon of Choice" by Fat Bot Slim Christopher Walken
50%
"Jenny from the Block" by Jennifer Lopez Ben Affleck
42%
"Lego House" by Ed Sheeran Rupert Grint
33%
"I Really Like You" by Carly Rae Jepsen Tom Hanks
33%
"Black or White" by Michael Jackson Macaulay Culkin
25%
"Hero" by Enrique Iglesias Jennifer Love Hewitt / Mickey Rourke
17%
"Trouble" by Pink Jeremy Renner
17%
"Stylo" by Gorillaz Bruce Willis
8%
"Rush Rush" by Paula Abdul Keanu Reeves
8%
"What Goes Around...Comes Around" by Justin Timberlake Scarlett Johansson
8%
"Wildest Dreams" by Taylor Swift Scott Eastwood
8%
"Wake Me Up When September Ends” by Green Day Evan Rachel Wood / Jamie Bell
0%
"Miracle" by Jon Bon Jovi Matt LeBlanc
0%
"Love the Way You Lie" by Eminem (ft. Rihanna) Megan Fox / Dominic Monaghan
0%
No matching quizzes found
Score Distribution
Percent of People with Each Score
Percentile by Number Answered
Your Score History
You have not taken this quiz